000 01008nam a2200277 i 4500
001 196294
003 ES-MaACL
005 20250805062621.0
008 240902b2017 mx ||||| |||| 00| 0 spa d
020 _a9780997085891
040 _cES-MaACL
100 1 _9238639
_aVázquez Lozano, Gustavo,
_d1969-
245 _aEl Escuadrón 201 :
_bhistoria de los pilotos mexicanos que combatieron en la Segunda Guerra Mundial /
_cGustavo Vazquez Lozano.
250 _aSegunda edición, 2019
260 _aMéxico :
_bLibros de México,
_c2019
300 _a105 p. ;
_c23 cm.
336 _2rdacontent
_atexto
337 _2rdamedia
_asin mediación
338 _2rdacarrier
_avolumen
852 _aES-MaACL
_cDEPOJ
_jA-15524
_hDonación: Fernando Codina Rodríguez
_9204010
903 _aCodina Rodríguez, Fernando
_q1
_ednr
_9238631
942 _n0
_cMONOGRAFIA
999 _c196294
_d196294